| 000 | 00513nam a22001817a 4500 | ||
|---|---|---|---|
| 003 | CEME | ||
| 005 | 20210628203701.0 | ||
| 008 | 210128b xxu||||| |||| 00| 0 eng d | ||
| 020 | _a9-814-12677-2 | ||
| 040 | _c. | ||
| 082 | _a511.322 YAG | ||
| 100 |
_a Yager, Ronald R, Filev, Dimitar P _966833 |
||
| 245 | _aEssentials of fuzzy modeling and control | ||
| 260 |
_aNEW YORK _bJOHN WILEY & SONS _c2002 |
||
| 300 | _aXVI,388P | ||
| 650 |
_aFUZZY SETS, FUZZY SYSTEMS, CONTROL THEORY _966834 |
||
| 942 |
_cBK _2ddc |
||
| 999 |
_c574722 _d574722 |
||